Анализ проблем несоответствия использования земель общего пользования садоводческого некоммерческого товарищества Мемориал-4 нормативным требованиям (Томская область, п. Апрель); Проблемы геологии и освоения недр; Т. 1

Bibliographic Details
Parent link:Проблемы геологии и освоения недр=Problems of Geology and Subsurface Development: труды XXIV Международного симпозиума имени академика М. А. Усова студентов и молодых учёных, посвященного 75-летию Победы в Великой Отечественной войне, Томск, 6-10 апреля 2020 г./ Национальный исследовательский Томский политехнический университет, Инженерная школа природных ресурсов ; гл. ред. А. С. Боев ; под ред. Е. Ю. Пасечник.— , 2020
Т. 1.— 2020.— [С. 484-485]
Main Author: Чалдаева К. И.
Corporate Author: Национальный исследовательский Томский политехнический университет Инженерная школа природных ресурсов Отделение геологии
Other Authors: Кончакова Н. В. Наталья Викторовна (научный руководитель)
Summary:Заглавие с экрана
Language:Russian
Published: 2020
Series:Землеустройство, кадастр и мониторинг земель
Проблемы и перспективы развития земельно-имущественных отношений, землеустройства и единого государственного реестра недвижимости
Subjects:
Online Access:http://earchive.tpu.ru/handle/11683/62693
Format: MixedMaterials Electronic Book Chapter
KOHA link:https://koha.lib.tpu.ru/cgi-bin/koha/opac-detail.pl?biblionumber=631370

MARC

LEADER 00000naa2a2200000 4500
001 631370
005 20231101133646.0
035 |a (RuTPU)RU\TPU\conf\33071 
035 |a RU\TPU\conf\33070 
090 |a 631370 
100 |a 20200827d2020 k y0rusy50 ca 
101 0 |a rus 
102 |a RU 
105 |a y z 100zy 
135 |a drcn ---uucaa 
181 0 |a i  
182 0 |a b 
200 1 |a Анализ проблем несоответствия использования земель общего пользования садоводческого некоммерческого товарищества Мемориал-4 нормативным требованиям (Томская область, п. Апрель)  |f К. И. Чалдаева  |g науч. рук. Н. В. Кончакова 
203 |a Текст  |c электронный 
225 1 |a Землеустройство, кадастр и мониторинг земель 
225 1 |a Проблемы и перспективы развития земельно-имущественных отношений, землеустройства и единого государственного реестра недвижимости 
230 |a 1 компьютерный файл (pdf; 1 510 Kb) 
300 |a Заглавие с экрана 
320 |a [Библиогр.: с. 485 (3 назв.)] 
461 1 |0 (RuTPU)RU\TPU\conf\32983  |t Проблемы геологии и освоения недр  |l Problems of Geology and Subsurface Development  |o труды XXIV Международного симпозиума имени академика М. А. Усова студентов и молодых учёных, посвященного 75-летию Победы в Великой Отечественной войне, Томск, 6-10 апреля 2020 г.  |o в 2 т.  |f Национальный исследовательский Томский политехнический университет, Инженерная школа природных ресурсов ; гл. ред. А. С. Боев ; под ред. Е. Ю. Пасечник  |d 2020 
463 1 |0 (RuTPU)RU\TPU\conf\32984  |t Т. 1  |v [С. 484-485]  |d 2020 
610 1 |a труды учёных ТПУ 
610 1 |a электронный ресурс 
610 1 |a несоответствия 
610 1 |a использование 
610 1 |a земли общего пользования 
610 1 |a садоводческие товарищества 
610 1 |a нормативные требования 
700 1 |a Чалдаева  |b К. И. 
702 1 |a Кончакова  |b Н. В.  |c геолог  |c доцент Томского политехнического университета, кандидат геолого-минералогических наук  |f 1980-  |g Наталья Викторовна  |2 stltpush  |4 727 
712 0 2 |a Национальный исследовательский Томский политехнический университет  |b Инженерная школа природных ресурсов  |b Отделение геологии  |h 8083  |2 stltpush  |3 (RuTPU)RU\TPU\col\23542 
801 2 |a RU  |b 63413507  |c 20200925  |g RCR 
856 4 |u http://earchive.tpu.ru/handle/11683/62693 
942 |c BK